[Event "New York op"]
[Site "New York"]
[Date "1994.??.??"]
[Round "2"]
[White "Rogers, Norman"]
[Black "Adianto, Utut"]
[Result "0-1"]
[WhiteElo "2290"]
[BlackElo "2535"]

1.e4 c5 2.Nf3 e6 3.Nc3 a6 4.d4 cxd4 5.Nxd4 b5 6.Bd3 Bb7 7.O-O Qc7 8.Re1 b4
9.Nce2 Nf6 10.Ng3 Bd6 11.Qe2 Nc6 12.Nxc6 Qxc6 13.Nh5 Nxh5 14.Qxh5 g6 15.Qh3 Be5
16.f4 Bd4+ 17.Kh1 O-O 18.a3 a5 19.e5 Rac8 20.axb4 axb4 21.Be4 Qxe4 22.Rxe4 Bxe4
23.Be3 Bxb2 24.Rd1 Rxc2 25.Rd2 b3 26.Qh4 Rc1+ 27.Bg1 Bc3  0-1

[Event "NLD-chT9495"]
[Site "?"]
[Date "1994.??.??"]
[Round "9"]
[White "Van de Plassche, Bas"]
[Black "Tjiam, Dharma"]
[Result "0-1"]
[WhiteElo "2310"]
[BlackElo "2285"]

1.e4 c5 2.Nf3 e6 3.d4 cxd4 4.Nxd4 a6 5.Nc3 Qc7 6.Bd3 Bc5 7.Nb3 Be7 8.f4 d6
9.Qf3 Nf6 10.Be3 b5 11.g4 Nc6 12.O-O-O Bb7 13.g5 Nd7 14.Kb1 g6 15.h4 O-O-O
16.h5 Kb8 17.Qh3 Qc8 18.Qg3 Nc5 19.Rh2 Ka8 20.hxg6 hxg6 21.Rxh8 Rxh8 22.Nxc5 dxc5
23.Qf2 c4 24.Bf1 Rd8 25.Rxd8 Qxd8 26.Qd2 Qxd2 27.Bxd2 Bc5 28.a4 Na7 29.axb5 axb5
30.b3 cxb3 31.cxb3 b4 32.Na4 Bxe4+ 33.Kc1 Be7 34.Be3 Nc6 35.Bc5 Bd5 36.Kb2 Kb7
37.Bb5 Bxc5 38.Nxc5+ Kb6 39.Bxc6 Kxc5 40.Be8 e5 41.fxe5 Kd4 42.Kc2 Kxe5 43.Ba4 Be4+
44.Kd2 Kf4 45.Be8 Bd5 46.Ba4 Kxg5 47.Ke3 Kf5 48.Kd4 Bb7 49.Bd7+ Kf4 50.Be8 g5
51.Bxf7 g4 52.Be6 g3 53.Bh3 Kf3 54.Kc5 Kf2 55.Kxb4 Bc8 56.Bxc8 g2  0-1

[Event "NLD-sf"]
[Site "?"]
[Date "1994.??.??"]
[Round "4"]
[White "Galje, Hans"]
[Black "Kuipers, Eelco"]
[Result "0-1"]
[WhiteElo "2070"]
[BlackElo "2035"]

1.e4 c5 2.Nf3 e6 3.d4 cxd4 4.Nxd4 a6 5.Nc3 Qc7 6.Bd3 Nc6 7.Be3 Nf6 8.O-O Bb4
9.Na4 O-O 10.Nxc6 bxc6 11.c4 Be7 12.f4 d6 13.Qe2 c5 14.g4 Bb7 15.Nc3 d5 16.exd5 exd5
17.cxd5 Nxd5 18.Nxd5 Bxd5 19.Bxh7+ Kh8 20.Bc2 Bb7 21.g5 g6 22.h4 Qc6 23.Qh2 Qe6
24.Qg3 Rae8 25.Bd2 c4 26.Bc3+ Kg8 27.Rae1 Bc5+ 28.Kh2 Qe2+ 29.Rxe2 Rxe2+
30.Kh3 Rxc2 31.f5 Rd8 32.Rf3 Bxf3 33.Qe5 Rxc3 34.bxc3 Bf8 35.fxg6 fxg6 36.Qf6 Rd6
37.Qf4 Bd5 38.Qc1 Be6+ 39.Kg2 Bf5  0-1

[Event "NOR-ch"]
[Site "?"]
[Date "1994.??.??"]
[Round "5"]
[White "Gullaksen, Eirik T"]
[Black "Ostenstad, Berge"]
[Result "0-1"]
[WhiteElo "2370"]
[BlackElo "2475"]

1.e4 c5 2.Nf3 e6 3.d4 cxd4 4.Nxd4 a6 5.Nc3 Qc7 6.Bd3 Nf6 7.Qe2 d6 8.f4 Nbd7
9.Bd2 Be7 10.O-O-O b5 11.Rde1 Nc5 12.Kb1 Bb7 13.e5 dxe5 14.fxe5 Nfd7 15.Qg4 g6
16.Nf3 Rc8 17.Qf4 b4 18.Ne4 Nxd3 19.cxd3 Qc2+ 20.Ka1 Qxd3 21.Nfg5 O-O 22.Re3 Qc2
23.Rh3 Bxg5 24.Qxg5 Qxe4 25.Re1 Qf5 26.Qh6 g5 27.Rg3 f6 28.exf6 Rxf6 29.Qh5 Rg6
30.Bxb4 Nf6 31.Qd1 Nd5 32.Bd2 Qc2 33.Qe2 Nf4 34.Qe3 Rd8 35.Bc1 Nxg2 36.Qb6 Rc8
37.Rc3 Nxe1 38.Rxc2 Nxc2+ 39.Kb1 Be4 40.b3 Nb4+ 41.Kb2 Nd3+ 42.Ka3 Nxc1 43.Qd6 Nd3
44.Qd7 Rf8 45.Qd4 Bf5  0-1

[Event "Oberwart op"]
[Site "Oberwart"]
[Date "1994.??.??"]
[Round "2"]
[White "Baumegger, Siegfried"]
[Black "Landa, Konstantin"]
[Result "1/2-1/2"]
[WhiteElo "2205"]
[BlackElo "2510"]

1.e4 c5 2.Nf3 e6 3.Nc3 a6 4.d4 cxd4 5.Nxd4 Qc7 6.g3 b5 7.Bf4 d6 8.Bxb5+ axb5
9.Ndxb5 Qd7 10.Bxd6 Na6 11.Qd4 Ne7 12.O-O-O Bb7 13.Qa4 Qc6 14.Rd4 Nc8 15.Bxf8 Rxf8
16.Rhd1 Nb6 17.Qb3 Ke7 18.Rd6 Qc5 19.Na4 Nxa4 20.Rd7+ Kf6 21.Qf3+ Kg6 22.R1d5 Bxd5
23.Qg4+ Kh6 24.Qh4+ Kg6 25.Qg4+ Kh6  1/2-1/2

[Event "Oberwart op"]
[Site "Oberwart"]
[Date "1994.??.??"]
[Round "4"]
[White "Rieke, Theo"]
[Black "Landa, Konstantin"]
[Result "0-1"]
[WhiteElo "2300"]
[BlackElo "2510"]

1.e4 c5 2.Nf3 e6 3.d4 cxd4 4.Nxd4 a6 5.Nc3 Qc7 6.g3 Nc6 7.Bg2 Nf6 8.O-O Be7
9.h3 O-O 10.b3 b5 11.Nxc6 dxc6 12.Bb2 e5 13.Qe2 a5 14.Rfd1 Be6 15.a4 b4 16.Nb1 Nd7
17.Nd2 Nb6 18.Nf1 c5 19.Ne3 c4 20.Nd5 Bxd5 21.exd5 Bd6 22.Bc1 Rac8 23.Be3 f5
24.Rf1 e4 25.Bxb6 Qxb6 26.Kh1 cxb3 27.cxb3 Rc3 28.Rac1 Qc5 29.Qd2 Rc8  0-1

[Event "DEN-ch"]
[Site "Odense"]
[Date "1994.??.??"]
[Round "4"]
[White "Kristensen, Bjarke"]
[Black "Mortensen, Erling"]
[Result "0-1"]
[WhiteElo "2465"]
[BlackElo "2470"]

1.e4 c5 2.Nf3 e6 3.d4 cxd4 4.Nxd4 a6 5.Nc3 Qc7 6.g3 Nc6 7.Bg2 d6 8.O-O Be7
9.Be3 Nf6 10.Kh1 O-O 11.f4 Re8 12.Nxc6 bxc6 13.g4 Nd7 14.g5 Bf8 15.Qh5 Rb8
16.Rae1 Rxb2 17.Bd4 Rb4 18.Bg1 g6 19.Qd1 Bg7 20.Rf3 Nb6 21.f5 Nc4 22.f6 Bf8
23.a3 Nxa3 24.h4 Nb5 25.h5 Nxc3 26.Rxc3 Qa5 27.hxg6 hxg6 28.Qg4 Rc4 29.Rxc4 Qxe1
30.e5 d5 31.Rf4 Qxe5 32.Qh4 Qe2 33.Bf3 Qxc2 34.Rg4 e5 35.Rg2 Qd3 36.Bg4 Bxg4
37.Qxg4 Rb8 38.Rg3 Qe4+  0-1

[Event "Osterskan op"]
[Site "Osterskan"]
[Date "1994.??.??"]
[Round "?"]
[White "Petkovic, Peter"]
[Black "Wedberg, Tom"]
[Result "0-1"]
[WhiteElo "2185"]
[BlackElo "2455"]

1.e4 c5 2.Nf3 e6 3.d4 cxd4 4.Nxd4 a6 5.Nc3 Qc7 6.Be3 Nf6 7.Bd3 b5 8.f4 d6
9.Qe2 Nbd7 10.Nb3 Bb7 11.a3 Be7 12.O-O O-O 13.Rf3 Nc5 14.Bf2 Rac8 15.Rh3 Nxd3
16.cxd3 Rfe8 17.g4 Nd7 18.Rc1 Qd8 19.g5 g6 20.Rg3 e5 21.Qg4 exf4 22.Qxf4 Ne5
23.Rf1 Bxg5 24.Rxg5 Qxg5+ 25.Qxg5 Nf3+ 26.Kg2 Nxg5 27.h4 Ne6 28.Bg3 Red8
29.Kh3 d5 30.Be5 dxe4 31.d4 Bd5 32.Nd2 f5 33.Re1  0-1

[Event "HUN-ch U20"]
[Site "Paks"]
[Date "1994.??.??"]
[Round "?"]
[White "Czebe, Attila"]
[Black "Fancsy, Imre"]
[Result "1-0"]
[WhiteElo "2355"]
[BlackElo "2400"]

1.e4 c5 2.Nf3 e6 3.d4 cxd4 4.Nxd4 a6 5.Nc3 Qc7 6.Be3 Nf6 7.Bd3 Bc5 8.O-O d6
9.Kh1 O-O 10.f4 Nc6 11.Nxc6 Bxe3 12.e5 Ne8 13.Qe1 Qxc6 14.Qxe3 d5 15.a4 b6
16.a5 b5 17.Ne4 f5 18.exf6 gxf6 19.Rae1 Rf7 20.Nc5 Re7 21.Nb3 Raa7 22.Nd4 Qc7
23.Qh3 Qd7 24.Rf3 Kh8 25.Qh6 Rf7 26.Bxh7  1-0

[Event "Pardubice op"]
[Site "Pardubice"]
[Date "1994.??.??"]
[Round "3"]
[White "Pribyl, Martin"]
[Black "Gipslis, Aivars"]
[Result "0-1"]
[WhiteElo "2360"]
[BlackElo "2485"]

1.e4 c5 2.Nf3 e6 3.d4 cxd4 4.Nxd4 a6 5.Nc3 b5 6.Be3 Bb7 7.f3 Qc7 8.Qd2 Nf6
9.O-O-O Bb4 10.Nde2 O-O 11.g4 d5 12.g5 Nfd7 13.a3 Ba5 14.exd5 Bxd5 15.Bg2 Nc6
16.Kb1 Nb6 17.Qc1 b4 18.Nxd5 Nxd5 19.a4 b3 20.cxb3 Qb7 21.f4 Qxb3 22.Bxd5 exd5
23.Qxc6 Qxe3 24.Nd4 Rfb8 25.Ka2 Bd2 26.Qc2 Qxd4 27.Rxd2 Qxf4 28.Rxd5 Rc8
29.Rhd1 g6 30.R1d4 Rxc2 31.Rxf4 Rb8 32.Rd7 Rcxb2+ 33.Ka1 Rb1+ 34.Ka2 R1b2+
35.Ka1 Rxh2 36.Rfxf7 Rh4 37.Rg7+ Kh8 38.Rb7 Rxa4+ 39.Kb2 Rb4+  0-1

[Event "Pardubice op"]
[Site "Pardubice"]
[Date "1994.??.??"]
[Round "4"]
[White "Bielczyk, Jacek"]
[Black "Howell, James C"]
[Result "0-1"]
[WhiteElo "2380"]
[BlackElo "2505"]

1.e4 c5 2.Nf3 e6 3.Nc3 a6 4.d4 cxd4 5.Nxd4 d6 6.g3 Nf6 7.Bg2 Qc7 8.O-O Be7
9.a4 Nc6 10.Be3 O-O 11.h3 Rb8 12.Qe2 Bd7 13.Kh2 Rfc8 14.Rfd1 Na5 15.Ra2 Re8
16.Bc1 Bc8 17.Qe1 b6 18.b4 Nc4 19.b5 axb5 20.Ncxb5 Qc5 21.c3 Bb7 22.Qe2 d5
23.e5 Nd7 24.f4 Ra8 25.Re1 Qc8 26.Qf3 Bf8 27.f5 Ndxe5 28.f6 gxf6 29.Qxf6 Qd8
30.Qf1 Bg7 31.Bf4 Rc8 32.Qe2 Qf6 33.Qf1 Qg6 34.Bxe5 Bxe5 35.Rxe5 Nxe5 36.Nd6 Rxc3
37.Qf4 Nd3 38.Qh4 Rb8 39.Nxb7 Rxb7 40.a5 bxa5 41.Rxa5 Rb8 42.Ra4 Nc1 43.Qf4  0-1

[Event "Pardubice op2"]
[Site "Pardubice"]
[Date "1994.??.??"]
[Round "5"]
[White "Bonn, Udo"]
[Black "Vodicka, Pavel"]
[Result "1/2-1/2"]
[WhiteElo "1875"]
[BlackElo "1985"]

1.e4 c5 2.Nf3 e6 3.d4 cxd4 4.Nxd4 a6 5.Nc3 Nc6 6.Be3 Nf6 7.Bc4 Bb4 8.Bd3 e5
9.Ne2 Ng4 10.Qd2 Nxe3 11.Qxe3 O-O 12.O-O f5 13.Bc4+ Kh8 14.exf5 Rxf5 15.Bd3 Rg5
16.Ne4 Rh5 17.N2g3 Rh4 18.Nf5  1/2-1/2

[Event "Passau op"]
[Site "Passau"]
[Date "1994.??.??"]
[Round "?"]
[White "Kovalev, Andrei"]
[Black "Agrest, Evgenij"]
[Result "1-0"]
[WhiteElo "2530"]
[BlackElo "2475"]

1.e4 c5 2.Nf3 e6 3.d4 cxd4 4.Nxd4 a6 5.Nc3 d6 6.Be3 Nf6 7.Qd2 b5 8.f3 Nbd7
9.g4 h6 10.O-O-O Ne5 11.a3 Bb7 12.Rg1 Rc8 13.h4 Nfd7 14.g5 hxg5 15.hxg5 Nb6
16.g6 Nbc4 17.gxf7+ Kd7 18.Qe1 Qh4 19.Qxh4 Rxh4 20.Bf2 Rh7 21.f4 Nxf7 22.Rg3 Re8
23.Bh3 g5 24.f5 e5 25.Ne6 Bh6 26.Bg4 Ke7 27.Nc7 Reh8 28.N3d5+ Kd7 29.f6+ Kc6
30.b3  1-0

[Event "Passau op"]
[Site "Passau"]
[Date "1994.??.??"]
[Round "?"]
[White "Pacl, Vaclav"]
[Black "Jasnikowski, Zbigniew"]
[Result "0-1"]
[WhiteElo "2300"]
[BlackElo "2475"]

1.e4 c5 2.Nf3 e6 3.Nc3 a6 4.d4 cxd4 5.Nxd4 d6 6.g3 Nc6 7.Bg2 Bd7 8.a4 Nf6
9.O-O Be7 10.Re1 O-O 11.Nxc6 bxc6 12.e5 dxe5 13.Rxe5 Nd5 14.Nb1 Rb8 15.c3 Bf6
16.Re1 c5 17.Nd2 Bc6 18.Nc4 Nb6 19.Bxc6 Qxd1 20.Rxd1 Nxc4 21.Ra2 Rb3 22.Bf3 Rfb8
23.Be2 Nxb2 24.Bxb2 Rxb2 25.Rxb2 Rxb2 26.Bxa6 g5 27.Rc1 Rb3 28.Rc2 Ra3 29.Bb5 Bxc3
30.Kg2 Kg7 31.f3 h5 32.Bc6 Kf8 33.Bb5 Ke7 34.Bc6 Bd4 35.Kf1 Kd6  0-1

[Event "Passau op"]
[Site "Passau"]
[Date "1994.??.??"]
[Round "?"]
[White "Balzar, Andreas"]
[Black "Miezis, Normunds"]
[Result "0-1"]
[WhiteElo "2330"]
[BlackElo "2430"]

1.e4 c5 2.Nf3 e6 3.d4 cxd4 4.Nxd4 a6 5.Nc3 Qc7 6.Bd3 Nc6 7.Nxc6 dxc6 8.a4 e5
9.O-O a5 10.f4 Bc5+ 11.Kh1 Nf6 12.f5 h5 13.Qe2 Qb6 14.Nd1 Ng4 15.h3 Bd7 16.g3 Nf6
17.Ne3 Qc7 18.Bd2 Ke7 19.Nc4 Bd4 20.Qe1 b6 21.c3 Bc5 22.Nxe5 Rae8 23.Nc4 b5
24.Bf4 Qa7 25.axb5 cxb5 26.Nxa5 Kf8 27.b4 Bb6 28.Nc4 bxc4 29.Rxa7 Bxa7 30.Bc2 Bc6
31.Bd6+ Kg8 32.Rf4 Rh6 33.Qb1 Nxe4 34.Bxe4 Rxe4 35.Rxe4 Rxd6 36.h4 Rd3 37.Qe1 Re3  0-1

[Event "POL-ch U20 Girls"]
[Site "?"]
[Date "1994.??.??"]
[Round "3"]
[White "Grabarska, Barbara"]
[Black "Radziewicz, Iweta"]
[Result "0-1"]
[WhiteElo "2020"]
[BlackElo "2085"]

1.e4 c5 2.Nf3 e6 3.d4 cxd4 4.Nxd4 a6 5.Nc3 b5 6.Be3 Bb7 7.f3 Nc6 8.Qd2 Nge7
9.g4 Nxd4 10.Bxd4 Nc6 11.Be3 Ne5 12.Qf2 Be7 13.h4 Bxh4 14.Rxh4 Qxh4 15.Be2 Qxf2+
16.Kxf2 Rc8 17.Bd4 f6 18.g5 Ke7 19.Rd1 d6 20.f4 Nc6 21.gxf6+ gxf6 22.Be3 Na5
23.Bd3 Nc4 24.Bc1 b4 25.Ne2 d5 26.exd5 Bxd5 27.b3 Nd6 28.a3 a5 29.axb4 axb4
30.Bd2 Rb8 31.Ra1 Ne4+ 32.Bxe4 Bxe4 33.Ra7+ Rb7 34.Bxb4+ Kd7 35.Rxb7+ Bxb7
36.c4 Rg8 37.Bc3 Rg2+ 38.Ke3 Ke7 39.b4 h5 40.Be1 Rh2 41.b5 h4 42.c5 Bd5 43.c6 h3
44.Bb4+ Kd8 45.Ng3 Rb2  0-1

[Event "POR-ch"]
[Site "?"]
[Date "1994.??.??"]
[Round "10"]
[White "Oliveira, Luis"]
[Black "Gaspar, Artur"]
[Result "0-1"]
[WhiteElo "2115"]
[BlackElo "2000"]

1.e4 c5 2.Nf3 e6 3.d4 cxd4 4.Nxd4 a6 5.Nc3 Qc7 6.Be2 Nf6 7.a3 Be7 8.O-O O-O
9.Be3 d6 10.f4 b5 11.Bf3 Bb7 12.g4 Nc6 13.Bg2 Nxd4 14.Bxd4 e5 15.Be3 exf4
16.Bxf4 Qc5+ 17.Kh1 d5 18.exd5 Rad8 19.Qe2 Nxd5 20.Nxd5 Bxd5 21.Rad1 Bxg2+
22.Qxg2 Bf6 23.c3 Qc4 24.Qf3 Be7 25.Be5 Bc5 26.Qf4 Qe6 27.Bd4 Bd6 28.Qg5 f6
29.Qf5 Qc4 30.Rde1 Be5 31.Be3 a5 32.Rd1 Rxd1 33.Rxd1 Qe2 34.Qe6+ Kh8  0-1

[Event "CRO-ch"]
[Site "Porec"]
[Date "1994.??.??"]
[Round "?"]
[White "Dabo Peranic, Robert"]
[Black "Sulava, Nenad"]
[Result "0-1"]
[WhiteElo "2270"]
[BlackElo "2400"]

1.e4 c5 2.Nf3 e6 3.d4 cxd4 4.Nxd4 a6 5.Nc3 Qc7 6.f4 d6 7.Qf3 b5 8.f5 b4 9.Ncb5 axb5
10.Bxb5+ Bd7 11.fxe6 Bxb5 12.Nxb5 Qb7 13.exf7+ Qxf7 14.O-O Qxf3 15.Rxf3 Na6
16.Bg5 Rb8 17.Raf1 Nf6 18.Nd4 Nc5 19.Bxf6 gxf6 20.Rxf6 Be7 21.Rf7 Nxe4 22.Nc6 Rb7
23.R1f5 Rf8 24.Rxe7+ Rxe7 25.Nxe7 Kxe7 26.Rb5 Nd2 27.Rb7+ Ke6 28.h4 Rc8 29.c3 bxc3
30.bxc3 h5 31.Rh7 Rc5 32.Rh6+ Kd7 33.Kf2 Ne4+ 34.Kf3 Nxc3 35.g4 hxg4+ 36.Kxg4 Ra5
37.Rh7+ Kc6 38.h5 Rxa2 39.h6 Ne4 40.Kf5 Kd5 41.Rd7 Rf2+ 42.Kg6 Rg2+ 43.Kf5 Rg5+
44.Kf4 Rg6 45.h7 Rf6+ 46.Ke3 Rh6 47.Rf7 Rh3+ 48.Kf4 Kd4 49.Kf5 Rh6 50.Ra7 Nf6
51.Ra4+ Kc5 52.Kg5 Rxh7 53.Kxf6 d5 54.Ra5+ Kd4 55.Ra1 Ke3 56.Ra3+ Ke4 57.Ra5 Rh6+
58.Kg5 Rc6 59.Ra8 d4 60.Re8+ Kf3 61.Rf8+ Ke2 62.Re8+ Kd2 63.Kf4 d3 64.Ke4 Kc2  0-1

[Event "Bohemians"]
[Site "Prague"]
[Date "1994.??.??"]
[Round "3"]
[White "Zvara, Petr"]
[Black "Wohlfart, Hubert"]
[Result "0-1"]
[WhiteElo "2325"]
[BlackElo "2190"]

1.e4 c5 2.Nf3 e6 3.d4 cxd4 4.Nxd4 a6 5.Nc3 b5 6.Be2 Bb7 7.Bf3 Bc5 8.O-O Nc6
9.Nb3 Bb6 10.Bf4 Nge7 11.Bd6 O-O 12.Nc5 Bxc5 13.Bxc5 Ne5 14.Be2 Rc8 15.Qd6 N7g6
16.Qd4 Qg5 17.Kh1 Nf4 18.Rg1 Nxe2 19.Nxe2 Ng4 20.Bd6 e5 21.Qa7 Qh4 22.h3 Nxf2+
23.Kh2 Ng4+ 24.Kh1 Bxe4  0-1

[Event "CZE Tschechien-ch"]
[Site "Prague"]
[Date "1994.??.??"]
[Round "4"]
[White "Adamek, Zdenek"]
[Black "Pribyl, Martin"]
[Result "1/2-1/2"]
[WhiteElo "2120"]
[BlackElo "2360"]

1.e4 c5 2.Nf3 e6 3.d4 cxd4 4.Nxd4 a6 5.Nc3 Qc7 6.g3 Nc6 7.Bg2 Nf6 8.O-O Be7
9.Re1 O-O 10.Nxc6 bxc6 11.e5 Nd5 12.Qd4 Bb7 13.Ne4 f6 14.exf6 gxf6 15.Bh6 Rf7
16.c4 Nb4 17.Re2 c5 18.Qe3 d5 19.a3 d4 20.Qf4 Qxf4 21.Bxf4 Nd3 22.Bc7 Rc8
23.Bb6 f5 24.Nd2 Bxg2 25.Kxg2 Rc6 26.Ba5 e5 27.b4 cxb4 28.axb4 e4 29.c5 Ne5
30.Bb6 d3 31.Ree1 Nd7 32.Nc4 Nxb6 33.Nxb6 Bd8 34.Rxa6 Bxb6 35.Rxb6 Rxb6 36.cxb6 Rb7
37.g4 Rxb6 38.gxf5 Rxb4 39.Rd1 Kf7 40.f3 Rb2+ 41.Kf1 Rxh2 42.Kg1 Re2 43.fxe4 d2
44.Kf1 Rxe4 45.Rxd2 Rf4+ 46.Rf2 Rxf2+ 47.Kxf2 Kf6 48.Kg1 Kxf5 49.Kh1 Kg4
50.Kg1 Kg3 51.Kh1 h5 52.Kg1 h4 53.Kh1 Kh3 54.Kg1 Kg3 55.Kh1 h3 56.Kg1 h2+
57.Kh1 Kh3  1/2-1/2

[Event "Praha Mladi-B"]
[Site "Prague"]
[Date "1994.??.??"]
[Round "4"]
[White "Adamek, Zdenek"]
[Black "Galandauer, Jan"]
[Result "1-0"]
[WhiteElo "2120"]
[BlackElo "2250"]

1.e4 c5 2.Nf3 e6 3.d4 cxd4 4.Nxd4 a6 5.Nc3 Qc7 6.Be3 Nf6 7.Qd2 Bb4 8.f3 d5
9.e5 Qxe5 10.a3 Be7 11.O-O-O Qc7 12.Nb3 Nc6 13.g4 h6 14.h4 Na5 15.Nxa5 Qxa5
16.Kb1 b5 17.Rg1 Qc7 18.g5 hxg5 19.hxg5 Nd7 20.g6 fxg6 21.Bd3 Bf6 22.Bxg6+ Ke7
23.Nxd5+ exd5 24.Qxd5 Rb8 25.Qf7+ Kd8 26.Rh1 Qe5 27.Rxh8+ Kc7 28.Bc1  1-0

[Event "Praha Mladi"]
[Site "Prague"]
[Date "1994.??.??"]
[Round "5"]
[White "Ioseliani, Nana"]
[Black "Suran, Jan"]
[Result "1-0"]
[WhiteElo "2435"]
[BlackElo "2145"]

1.e4 c5 2.Nf3 e6 3.d4 cxd4 4.Nxd4 a6 5.Nc3 Qc7 6.Bd3 Nf6 7.O-O d6 8.a4 Nc6
9.Nb3 b6 10.f4 Be7 11.Qe2 Bb7 12.Bd2 O-O 13.Rae1 Nd7 14.Qh5 Bf6 15.Qh3 Nb4
16.Nb5 axb5 17.Bxb4 e5 18.Bxb5 Rfd8 19.Bc3 Bc6 20.Qd3 Rac8 21.f5 Ba8 22.Ba6 Rb8
23.Kh1 Bc6 24.Bb5 Ba8 25.Rd1 Nc5 26.Nxc5 dxc5 27.Qe2 Rd4 28.Bxd4 cxd4 29.b3 Qb7
30.Bd3 h6 31.Ra1  1-0

[Event "CRO-Cup"]
[Site "Pula"]
[Date "1994.??.??"]
[Round "1"]
[White "Kosanski, Stanko"]
[Black "Lamza, Nenad"]
[Result "1-0"]
[WhiteElo "2440"]
[BlackElo "2275"]

1.e4 c5 2.Nf3 e6 3.d4 cxd4 4.Nxd4 a6 5.Nc3 Qc7 6.g3 Nf6 7.Bg2 Be7 8.O-O O-O
9.Nce2 d5 10.exd5 Nxd5 11.Bxd5 exd5 12.Nf4 Rd8 13.Re1 Nc6 14.c3 Bf8 15.Be3 Ne5
16.Kg2 Qd6 17.f3 h6 18.Qc2 g5 19.Nd3 Nc4 20.Bf2 Bg7 21.Re2 Qg6 22.Nc5 Qxc2
23.Rxc2 b6 24.Nd3 Re8 25.Rd1 Bxd4 26.Bxd4 Bf5 27.Kf2 Re6 28.g4 Bh7 29.b3 Na3
30.Re2 Nb5 31.Nb4 Rae8 32.Red2 f5 33.gxf5 Bxf5 34.Nxd5 Rf8 35.Re1 Rxe1 36.Kxe1 Be6
37.Nxb6 Rxf3 38.c4 Nxd4 39.Rxd4 Bh3 40.Ke2 g4 41.c5 Rf6 42.Nd5 Re6+ 43.Kf2 Kg7
44.b4 h5 45.Nf4 Rf6 46.Kg3 Kh6 47.Rd6  1-0

[Event "Quebeck-ch"]
[Site "Quebec"]
[Date "1994.??.??"]
[Round "7"]
[White "Moisan Plante, Marc Olivier"]
[Black "Barbeau, Sylvain"]
[Result "0-1"]
[WhiteElo "2035"]
[BlackElo "2380"]

1.e4 c5 2.Nf3 e6 3.d4 cxd4 4.Nxd4 a6 5.Nc3 b6 6.Be3 Bb7 7.Be2 Bb4 8.O-O d6
9.f4 Bxc3 10.bxc3 Nf6 11.e5 Nd5 12.Bd2 dxe5 13.fxe5 Nd7 14.Bd3 Qh4 15.Qe2 O-O
16.Rf3 g6 17.Rg3 Qe7 18.Bg5 Qc5 19.Re1 Nxc3 20.Qg4 Nxe5 21.Qh4 Nxd3 22.Rxd3 Nd5
23.Kh1 Rfe8 24.Re5 Qc7 25.Rxd5 exd5 26.Bf6 Qf4 27.Rf3 Qc1+  0-1

[Event "Reggio Emilia9495"]
[Site "Reggio Emilia"]
[Date "1994.??.??"]
[Round "2"]
[White "Tatai, Stefano"]
[Black "Chernin, Alexander"]
[Result "1/2-1/2"]
[WhiteElo "2430"]
[BlackElo "2615"]

1.e4 c5 2.Nf3 e6 3.d4 cxd4 4.Nxd4 a6 5.Nc3 Qc7 6.g3 Bb4 7.Bd2 Nf6 8.Bg2 Be7
9.O-O d6 10.a4 Nc6 11.Nxc6 bxc6 12.a5 Bb7 13.Re1 Nd7 14.Na4 O-O 15.Bc3 Rfe8
16.b3 c5 17.Nb2 Bc6 18.Nc4 Bb5 19.Ne3 Rad8 20.Ng4 h5 21.Ne3 Bf6 22.Bxf6 Nxf6
23.Qf3 Qe7 24.Rad1 Qc7 25.Ra1 Qe7 26.Nd1 Bc6 27.Nc3 g6 28.Qe2 Qb7 29.Bf1 Qb4
30.Qc4 Qxc4 31.Bxc4 Nxe4 32.Nxe4 Bxe4 33.Rxe4 d5 34.Rh4 dxc4 35.Rxc4 Rd5
36.c3  1/2-1/2

[Event "Reno op"]
[Site "Reno"]
[Date "1994.??.??"]
[Round "?"]
[White "Kelson, Richard"]
[Black "Kudrin, Sergey"]
[Result "1/2-1/2"]
[WhiteElo "2315"]
[BlackElo "2550"]

1.e4 c5 2.Nf3 e6 3.d4 cxd4 4.Nxd4 a6 5.Nc3 Qc7 6.g3 Bb4 7.Ne2 Nf6 8.Bg2 Be7
9.O-O Nc6 10.a4 O-O 11.h3 Rd8 12.Bf4 d6 13.g4 h6 14.Ng3 Nh7 15.Qe2 Nf8 16.Be3 Ne5
17.Rad1 Bd7 18.Nf5 Nfg6 19.Nxe7+ Nxe7 20.Bc1 Qb6 21.Qe3 Qxe3 22.Bxe3 Be8  1/2-1/2

[Event "ROM-chT"]
[Site "ROM"]
[Date "1994.??.??"]
[Round "?"]
[White "Florean, Andrei"]
[Black "Pastor, Nicolae"]
[Result "1-0"]
[WhiteElo "2220"]
[BlackElo "2275"]

1.e4 c5 2.Nf3 e6 3.Nc3 a6 4.d4 cxd4 5.Nxd4 b5 6.Bd3 Bb7 7.O-O d6 8.Re1 Be7
9.a4 bxa4 10.Rxa4 Nd7 11.Nb3 Ne5 12.Bf1 Nf6 13.h3 Nc6 14.Be3 Nd7 15.Qa1 a5
16.Rd1 O-O 17.f3 Nb4 18.Rd2 Nc6 19.Nb5 Nb6 20.Ra2 a4 21.Nc5 dxc5 22.Rxd8 Rfxd8
23.c3 Na5 24.Na3 Ba6 25.Bxa6 Rxa6 26.Qf1 c4 27.Ra1 Rb8 28.Bxb6 Raxb6 29.Nxc4 Nxc4
30.Qxc4 Rxb2 31.Qxa4 h5 32.Qc6 h4 33.Ra8 Bc5+ 34.Kf1 Rxa8 35.Qxa8+ Kh7 36.Qc6 Be3
37.e5 g6 38.Qe4 Bg5 39.f4  1-0

[Event "ROM-chT"]
[Site "ROM"]
[Date "1994.??.??"]
[Round "?"]
[White "Ghinda, Mihail Viorel"]
[Black "Georgescu, Gabriel"]
[Result "1-0"]
[WhiteElo "2455"]
[BlackElo "2420"]

1.e4 c5 2.Nc3 e6 3.Nf3 a6 4.d4 cxd4 5.Nxd4 Qc7 6.Bd3 Nf6 7.O-O Be7 8.Qe2 d6
9.Bg5 Bd7 10.Rae1 O-O 11.Nb3 b5 12.f4 Bc6 13.a3 Re8 14.e5 Nd5 15.Bxe7 Nxe7
16.f5 exf5 17.e6 f6 18.Nd4 Qb6 19.Qf2 Qc5 20.Bxf5 Nxf5 21.Qxf5 Qxf5 22.Nxf5 d5
23.Re2 Ra7 24.Rd1 g6 25.Nd6 Rd8 26.e7 Rxd6 27.e8=Q+ Bxe8 28.Rxe8+ Kf7 29.Rxb8  1-0

[Event "ROM-chT"]
[Site "ROM"]
[Date "1994.??.??"]
[Round "?"]
[White "Andreescu, Nicoleta Aurora"]
[Black "Bradianu, Ileana"]
[Result "1-0"]
[WhiteElo "2085"]
[BlackElo "2020"]

1.e4 c5 2.Nf3 e6 3.Nc3 a6 4.d4 cxd4 5.Nxd4 Qc7 6.Bd3 Nf6 7.O-O b5 8.Kh1 Bb7
9.f4 d6 10.a3 Be7 11.Qf3 Nbd7 12.Bd2 O-O 13.Rae1 Nc5 14.Qg3 Rfd8 15.Qh3 Nxd3
16.cxd3 Bc8 17.e5 dxe5 18.fxe5 Rxd4 19.exf6 e5 20.Qg3 Bf8 21.Ne4 g6 22.Bc3 Rd5
23.Ng5 Qd7 24.Rxe5 Rxd3 25.Qh4 h6 26.Nxf7 Qxf7 27.Qe4 Rd8 28.Qxa8 Qc4 29.Ree1 Rd7
30.Bb4 Rf7 31.Rc1 Rxf6 32.Rfe1 Bxb4 33.Rxc4 Bxe1 34.Rxc8+ Kg7  1-0

[Event "Romania (Women)"]
[Site "Romania"]
[Date "1994.??.??"]
[Round "?"]
[White "Safranska, Anda"]
[Black "Susterman, Anja"]
[Result "1/2-1/2"]
[WhiteElo "2345"]
[BlackElo "2215"]

1.e4 c5 2.Nc3 e6 3.Nf3 a6 4.d4 cxd4 5.Nxd4 Qc7 6.Be3 Nf6 7.Bd3 Bb4 8.Bd2 Nc6
9.Nxc6 bxc6 10.O-O Bc5 11.Na4 Ba7 12.c4 h5 13.Qf3 Ng4 14.Bf4 Qa5 15.Bc2 Bb7
16.a3 e5 17.Bg5 f6 18.b4 Qc7 19.Bd2 Bd4 20.Rab1 O-O-O 21.h3 g5 22.Rb3 Nh6
23.Qxh5 Rdg8 24.Qe2 d6 25.Rg3 Qh7 26.c5 g4 27.Bxh6 gxh3 28.Rxh3 Qg6 29.Qf3 Rxh6
30.Bd1 Kb8 31.Nb6 Rgh8 32.Qg4 Qf7 33.Qd7 Rxh3 34.gxh3 Qxd7 35.Nxd7+ Kc7 36.Nxf6 dxc5
37.Bg4 cxb4 38.axb4 Bc8 39.Kg2 Rf8 40.Nh5 Bd7 41.Bxd7 Kxd7 42.f4 Rb8 43.f5 Rxb4
44.f6 Rb8 45.Ng7 a5 46.Rf3 a4 47.f7 Bc5 48.Rd3+ Bd4 49.Ra3 Ke7 50.Rxa4 Kxf7
51.Nf5 Ke6 52.Nxd4+ exd4 53.Rxd4 Ke5 54.Rc4 Rb3 55.h4 Kf4 56.h5 Rg3+ 57.Kf2 Rf3+
58.Ke2 Re3+ 59.Kd2 Rh3 60.Rxc6  1/2-1/2

[Event "San Mateo"]
[Site "San Mateo"]
[Date "1994.??.??"]
[Round "?"]
[White "Izumikawa, Burt"]
[Black "Mortazavi, Ali"]
[Result "0-1"]
[WhiteElo "2360"]
[BlackElo "2350"]

1.e4 c5 2.Nc3 e6 3.Nf3 a6 4.d4 cxd4 5.Nxd4 Qc7 6.Bd3 Nf6 7.Qe2 d6 8.f4 Nbd7
9.Bd2 Be7 10.g4 Nc5 11.g5 Nfd7 12.Bc4 b5 13.Bd5 Bb7 14.Bxb7 Qxb7 15.b4 Na4
16.Nxa4 bxa4 17.Rb1 Nc5 18.O-O Nxe4 19.f5 Qd5 20.c3 O-O 21.Rbd1 Rac8 22.Be1 Qe5
23.fxe6 fxe6 24.Rxf8+ Rxf8 25.h4 Bd8 26.Nc6 Bb6+ 27.Kg2 Qf4 28.Rd3 d5 29.Nd4 Bxd4
30.cxd4 Qf5 31.Ra3 Nd6 32.Rxa4 Nb5  0-1

[Event "San Sebastian op"]
[Site "San Sebastian"]
[Date "1994.??.??"]
[Round "2"]
[White "Rahal, Michael"]
[Black "Ayza Ballester, Jordi"]
[Result "1-0"]
[WhiteElo "2310"]
[BlackElo "2315"]

1.e4 c5 2.Nf3 e6 3.d4 cxd4 4.Nxd4 a6 5.Nc3 Qc7 6.g3 Bb4 7.Nb3 Nf6 8.Bg2 d5
9.Bd2 dxe4 10.O-O Be7 11.Nxe4 O-O 12.Ba5 Qd7 13.Nec5 Bxc5 14.Nxc5 Qb5 15.Nb3 Nc6
16.Bc3 Nd5 17.Bd2 Ne5 18.a4 Qc4 19.Re1 f6 20.f4 Nf7 21.Re4 Qc7 22.c4 Ne7
23.Bb4 Re8 24.Rc1 Nc6 25.Bc5 Bd7 26.Qe1 Rac8 27.Qf2 Ne7 28.Bb6 Qb8 29.a5 Nd6
30.Rd4 Nef5 31.Nc5 Bc6 32.Rd2 Bxg2 33.Qxg2 Rc6 34.b3 Qc8 35.Ne4 Nxe4 36.Qxe4 Nd6
37.Qf3 f5 38.Rcd1 Rxb6 39.axb6 Ne4 40.Rd3 g5 41.fxg5 Nxg5 42.Qe3 h6 43.h4 Nf7
44.Rd7 e5 45.Kh2 Qc6 46.Rc7 Qf6 47.c5 Rf8 48.c6 f4 49.gxf4 exf4 50.Rg1+ Kh8
51.Qe7  1-0

[Event "Schwaebisch Gmuend op"]
[Site "Schwaebisch Gmuend"]
[Date "1994.??.??"]
[Round "4"]
[White "Geisler, Fabian"]
[Black "Miezis, Normunds"]
[Result "1/2-1/2"]
[WhiteElo "2265"]
[BlackElo "2430"]

1.e4 c5 2.Nf3 e6 3.d4 cxd4 4.Nxd4 a6 5.Nc3 Qc7 6.Be2 Bb4 7.O-O Nf6 8.Qd3 Nc6
9.Nxc6 dxc6 10.f4 e5 11.Qg3 O-O 12.fxe5 Bxc3 13.Qxc3 Ng4 14.Bxg4 Bxg4 15.b3 Rfe8
16.Bb2  1/2-1/2